000 00353pam a2200157a 44500
008 230515b2011 xxu||||| |||| 00| 0 eng d
020 _a9789380931982
041 _aENGLISH
082 _a0
100 _aMACKAY/WRIGHT
245 _aPRACTICAL INDUSTRIAL NETWORK
250 _a0
260 _aPUNE
_bELSEVIE
_c2011
300 _a421
650 _aNULL
999 _c603121
_d603121